LEADER 01008nam a2200217 i 4500 001 000000218372 003 CaOOAMICUS 005 20130131000000.0 008 130131s1941 it u000 u ita u 013 $a197269 040 $aSeMil$bita 100 1 $aReggiori, Ferdinando.$0(OLS)http://semarc/name/9348 245 13$aLa basilica ambrosiana :$bricerche e restauri 1929-1940 /$cFerdinando Reggiori ; prefazione del cardinale Ildefonso Schuster. 260 $aMilano :$bUlrico Hoepli,$c1941. 300 $a364 p. :$bill. ;$c30 cm. 650 4$aMilano - Chiese - Sant'Ambrogio.$0(OLS)http://semarc/subject/44856 700 1 $aSchuster, Alfredo Ildefonso,$c.$0(OLS)http://semarc/name/89146 850 $aSeMil 852 $aSeMil$W1$xVenegono$y1$m3O VI 94$j168782$B168782$CSeMilBibl$Z2$F179670 $81 996 $6245$aLa basilica ambrosiana :$bricerche e restauri 1929-1940$9(OLS)http://semarc/title/313549 996 $6260$aMilano :$bUlrico Hoepli$9(OLS)http://semarc/publisher/29765 LEADER 00813nam a2200205 i 4500 001 000000104715 003 CaOOAMICUS 005 20250826170538.0 008 011214s1993 it u000 u ita u 013 $a76904 040 $aSeMil$bita 245 10$aTutt'e tre ; Dal naso al cielo ; Donna Mimma. 300 $a376 p. 490 0 $aGrandi Tascabili Economici ;$v190 773 0 $aPirandello, Luigi <1867-1936>$tNovelle per un anno.$dRoma : Newton Compton, 1993.$kGrandi tascabili economici$gVolume3$w()6846 830 0$aGrandi tascabili economici ;$v190.$0(OLS)http://semarc/title/20817 850 $aSeMil 852 $aSeMil$W1$xVenegono$y1$m96 1 190 *$j61018$B61018$CSeMilBibl$Z2$F70325 $81 996 $6245$aTutt'e tre ; Dal naso al cielo ; Donna Mimma$9(OLS)http://semarc/title/151727